00559nam a2200157Ia 4500008004100000020001800041041000800059082001500067100002100082245005000103260004600153300000900199650002000208999001700228952015600245220803s9999 xx 000 0 und d a9788184488203 aeng a720.22 SHA aSharma S.926318 aStep By Step Hospital Designing And Planning. aNew DelhibJaypee Medical Publisherc2007 a165p aResearch926319 c16868d16868 001040708Book of B ArchaBNCAbBNCAcP1d2018-09-07eGmailg800.00l0o729.7 SHApBNCA-BK-10676r2022-08-03 00:00:00v800.00w2018-08-14yBKzB10676